000 00462nam a2200181Ia 4500
001 23518
005 20260414150942.0
008 260414t1994||||xx |||||||||||||| ||spa||
041 _aESP
082 _a660.2
_bH75
100 _aHopp, Vollrath
_eAUT
245 0 _aFundamentos de tecnología química para formación profesional
_b
260 _c1994
300 _axvi, 512 páginas :
_c21 cm.
650 _aTCA
654 _aCII
942 _cLIB
_dJUS
_fJUS
_2ddc
_n
999 _c23518
_d23518